Historia de la música española (Record no. 165576)

MARC details
000 -LEADER
campo de control de longitud fija 01271nam a2200241 i 4500
001 - NÚMERO DE CONTROL
campo de control 165576
003 - IDENTIFICADOR DE NÚMERO DE CONTROL
campo de control ES-MaACL
005 - FECHA Y HORA DE LA ÚLTIMA TRANSACCIÓN
campo de control 20250930063147.0
008 - DATOS DE LONGITUD FIJA--INFORMACIÓN GENERAL
campo de control de longitud fija 981026m18551859sp |||| | spa d
040 ## - FUENTE DE CATALOGACIÓN
Centro catalogador/agencia de origen CCPB | B
Lengua de catalogación spa
Centro/agencia transcriptor CCPB | B
100 1# - ENTRADA PRINCIPAL--NOMBRE DE PERSONA
Nombre de persona Soriano Fuertes, Mariano,
Fechas asociadas al nombre 1817-1880
9 (RLIN) 152764
245 10 - MENCIÓN DEL TÍTULO
Título Historia de la música española
Resto del título : desde la venida de los fenicios hasta el año de 1850 /
Mención de responsabilidad, etc. por Mariano Soriano Fuertes.
260 ## - PUBLICACIÓN, DISTRIBUCIÓN, ETC.
Lugar de publicación, distribución, etc. Madrid :
Nombre del editor, distribuidor, etc. Martín y Salazar ;
Lugar de publicación, distribución, etc. Barcelona :
Nombre del editor, distribuidor, etc. Narciso Ramírez,
Fecha de publicación, distribución, etc. 1855-1859.
300 ## - DESCRIPCIÓN FÍSICA
Extensión 4 v. ;
Dimensiones 25 cm.
500 ## - NOTA GENERAL
Nota general Índices.
505 8# - NOTA DE CONTENIDO CON FORMATO
Nota de contenido con formato Contiene: v. 1. 235, IV p., partituras (24 p.), 1 h. de lám. (retrato del autor) -- v. 2. 239, III p., partituras (39 p.) -- v. 3. 243, II p., partituras (26 p.) -- v. 4. 396, X p., partituras (63 p.)
530 ## - NOTA DISPONIBLE DE FORMULARIO FÍSICO ADICIONAL
Nota de formato físico adicional disponible Disponible también en sitio web.
599 ## - NOTA A LAS ILUSTRACIONES
NOTA A LAS ILUSTRACIONES Precede a la port. un retrato de Mariano Soriano Fuertes, firmado: "Léveillè delt.; Imp. Lemercier, Paris"
650 #4 - PUNTO DE ACCESO ADICIONAL DE MATERIA--TÉRMINO DE MATERIA
Término de materia o nombre geográfico como elemento de entrada Música española-
Subdivisión general Historia.
9 (RLIN) 136570
852 ## - LOCALIZACIÓN
Ubicación ES-MaACL
Número de control de estantería G-4009-10
Nota libre -- Enc. hol.
-- -- 4 t. en 2 v.
856 ## - LOCALIZACIÓN Y ACCESO ELECTRÓNICOS
Identificador Uniforme de Recursos <a href="http://bibliotecadigitalhispanica.bne.es:80/webclient/DeliveryManager?pid=2142575&custom_att_2=simple_viewer">http://bibliotecadigitalhispanica.bne.es:80/webclient/DeliveryManager?pid=2142575&custom_att_2=simple_viewer</a>
Nota pública Ir a la página
Holdings
Estatus retirado Estado de pérdida Estado de daño No para préstamo Colección Biblioteca de origen Biblioteca actual Ubicación en estantería Fecha de adquisición Total de préstamos Signatura topográfica completa Código de barras Visto por última vez Precio de reemplazo Tipo de ítem Koha
        Colección digital Biblioteca del Ateneo de Madrid Biblioteca del Ateneo de Madrid Depósito 2 17/01/2008   G-4009-10 1173641 23/02/2023 23/02/2023 Libro impreso antiguo